000 00698nam a22001817a 4500
999 _c21736
_d21736
003 OSt
005 20240920172102.0
008 240920b ||||| |||| 00| 0 eng d
040 _c0
100 _aEric K. Washburn,
_eauthor.
_961304
245 _aEffect of a paraphrasing strategy on the text comprehension of fourth-grade striving readers /
_cEric K. Washburn, Sherri Abdullah, and Candace A. Mulcahy.
260 _aUSA;
_bUnivirsity of Chicago Press,
_cFebruary 2021.
300 _avolume 122, pages 586-608,
_billustration.
700 _aEric K. Washburn,
_eauthor.
_961304
700 _a Abdullah, Sherri.
_eauthor.
_961305
700 _aMulcahy, Candace A.
_eauthor.
_961306
942 _2ddc
_cPER